000 00854nam a22002535i 4500
001 11507
003 ES-MaACL
005 20250801100714.0
008 921103s1992 sp ||||0| spa
020 _a84-7100-359-7
080 _a9(=1.460.31:7/8)
100 1 _aBallesteros Gaibrois, Manuel,
_d1911-2002
_925056
245 1 0 _aValencia y América /
_cManuel Ballesteros Gaibrois ; con la colaboración de Vicente Ribes Iborra.
260 _aMadrid :
_bMAPFRE,
_c[1992]
300 _a349 p ;
_c23 cm.
490 1 _aLas Españas y América ;
_v4
500 _aÍndices.
504 _aBibliografía: p. [311]-336.
650 1 4 _aValencianos-
_zAmérica-
_vHistoria.
_917727
700 1 _aRibes Iborra, Vicent.
_996812
830 1 0 _aColección Las Españas y América
_v4
_9179142
852 _aES-MaACL
_jL-18832
999 _c11507
_d11507